Remitencie a ich význam v ekonomickom rozvoji
Top koridory remitencií v roku 2017. Ekonomický efekt remitencií. Remitencie a ekonomický rast: akumulácia kapitálu, pracovná sila a ľudský kapitál, celková produktivita faktorov. Remitencie a ekonomický rozvoj.
Enregistré dans:
| Auteur principal: | |
|---|---|
| Autres auteurs: | |
| Format: | Chapitre de livre |
| Langue: | slovaque |
| Sujets: | |
| Tags: |
Pas de tags, Soyez le premier à ajouter un tag!
|
MARC
| LEADER | 00000naa$a2200000$$$4500 | ||
|---|---|---|---|
| 001 | 0249871 | ||
| 005 | 20240712112036.8 | ||
| 041 | 0 | |a slo | |
| 044 | |a SK | ||
| 245 | 1 | 0 | |a Remitencie a ich význam v ekonomickom rozvoji |c Daniel Dujava, Marek Kálovec |
| 520 | |a Top koridory remitencií v roku 2017. Ekonomický efekt remitencií. Remitencie a ekonomický rast: akumulácia kapitálu, pracovná sila a ľudský kapitál, celková produktivita faktorov. Remitencie a ekonomický rozvoj. | ||
| 610 | 2 | 0 | |a remitencie |
| 610 | 2 | 0 | |a rast hospodársky |
| 610 | 2 | 0 | |a migrácia |
| 610 | 2 | 0 | |a rozvoj hospodársky |
| 100 | 1 | |a Dujava, Daniel | |
| 700 | 1 | |a Kálovec, Marek | |